000 00542nam a2200217Ia 4500
003 OSt
005 20220928142936.0
006 a|||||r|||| 00| 0
007 ta
008 220927b |||||||| |||| 00| 0 eng d
024 _a20253
037 _cTextual
040 _aSDCL
_cSDCL
_beng
041 _2eng
_aeng
082 _aD661,8:845, M2
100 _aVenikov V A
_9503988
245 0 _aAutomatic power system control.
260 _c1982
942 _hD661,8:845, M2
_cTEXL
_2CC
999 _c822389
_d822389